Fundamentals of Corporate Finance. (Record no. 1957)

MARC details
005 - DATE AND TIME OF LATEST TRANSACTION
control field 20250505153126.0
020 ## - INTERNATIONAL STANDARD BOOK NUMBER
International Standard Book Number 978-0-07-301250-6
082 ## - DEWEY DECIMAL CLASSIFICATION NUMBER
Classification number 658.15 BRE
100 ## - MAIN ENTRY--PERSONAL NAME
Author name BREALEY, R. A.
245 ## - TITLE STATEMENT
Title Fundamentals of Corporate Finance.
250 ## - EDITION STATEMENT
Edition statement 5th Ed.
260 ## - PUBLICATION, DISTRIBUTION, ETC.
Place of publication, distribution, etc. New York,
Name of publisher, distributor, etc. Mcgraw- Hill Irwin,
Date of publication, distribution, etc. 2007.
300 ## - PHYSICAL DESCRIPTION
Extent xxx,722p.: Ill.;figures , picture & table
Other physical details Glossary & Index
Dimensions 27cm.
700 ## - ADDED ENTRY--PERSONAL NAME
Other authors/Editors MYERS, S. C. & MARCUS, A. J.
856 ## - ELECTRONIC LOCATION AND ACCESS
Link text Access Online Book
Electronic name Fundamentals of Corporate Finance
Path www.dushkin.com/powerweb
942 ## - ADDED ENTRY ELEMENTS (KOHA)
Source of classification or shelving scheme Dewey Decimal Classification
Koha item type Books
Holdings
Date last seen Total checkouts Full call number Barcode Cost, replacement price Price effective from Koha item type Lost status Source of classification or shelving scheme Damaged status Not for loan Withdrawn status Home library Current library Shelving location Date acquired Cost, normal purchase price
05/05/2025   658.15 BRE 0000007519 207000.00 05/05/2025 Books   Dewey Decimal Classification       College of Business Education Main Library College of Business Education Main Library General Collection 05/28/2010 69000.00
05/05/2025   658.15 BRE 0000007520 207000.00 05/05/2025 Books   Dewey Decimal Classification       College of Business Education Main Library College of Business Education Main Library General Collection 05/28/2010 69000.00
05/05/2025   658.15 BRE 0000007521 207000.00 05/05/2025 Books   Dewey Decimal Classification       College of Business Education Main Library College of Business Education Main Library General Collection 05/28/2010 69000.00
05/05/2025   658.15 BRE 0000007522 207000.00 05/05/2025 Books   Dewey Decimal Classification       College of Business Education Main Library College of Business Education Main Library General Collection 05/28/2010 69000.00
05/05/2025   658.15 BRE 0000007523 207000.00 05/05/2025 Books   Dewey Decimal Classification       College of Business Education Main Library College of Business Education Main Library General Collection 05/28/2010 69000.00